Teams That Have Won the English League, FA Cup and a European Trophy - Statistics

General Stats
  • This quiz has been taken 1,259 times
  • The average score is 10 of 12
Answer Stats
Clubs % Correct
1967–68 Manchester United
98%
1972–73 Liverpool
97%
1969–70 Manchester City
95%
1969–70 Arsenal
94%
1970–71 Chelsea
93%
1962–63 Tottenham Hotspur
92%
1981–82 Aston Villa
88%
1978–79 Nottingham Forest
86%
1984–85 Everton
83%
1971–72 Leeds United
73%
1968–69 Newcastle United
73%
1980–81 Ipswich Town
59%
No matching quizzes found
Score Distribution
Percent of People with Each Score
Percentile by Number Answered
Your Score History
You have not taken this quiz